| 000 | 00697nam a2200169 i 4500 | ||
|---|---|---|---|
| 001 | 157607 | ||
| 003 | ES-MaACL | ||
| 005 | 20240530062942.0 | ||
| 008 | 011122s1878 sp |||| | spa d | ||
| 040 |
_aEXT _bspa _cEXT |
||
| 100 | 1 |
_aLetamendi, José de, _d1828-1897 _971873 |
|
| 245 | 1 | 0 | _aDiscurso inagural del curso académico de 1878 á 1879 pronunciado ante el Claustro de la Universidad de Barcelona, por el Dr. D. José de Letamendi. |
| 260 |
_aBarcelona : _b[s.n.], _c1878 ( _fimprenta de Jaime Jepús) |
||
| 300 |
_a40 p. ; _c28 cm. |
||
| 852 |
_aES-MaACL _jT-236-F-2 _z-- Enc. hol. _q-- Falto de la cub. original _z-- Enc. en un vol. facticio |
||
| 999 |
_c157607 _d157607 |
||